Aboriginal education : the school at strelley, western Australia (Record no. 61703)

MARC details
000 -CABECERA
campo de control de longitud fija 00641nam a2200229 a 4500
005 - FECHA Y HORA DE LA ÚLTIMA TRANSACCIÓN
campo de control 20210219152825.0
008 - ELEMENTOS DE LONGITUD FIJA--INFORMACIÓN GENERAL
campo de control de longitud fija 991125n 000 0 eng u
035 ## - NÚMERO DE CONTROL DEL SISTEMA
Número de control de sistema UPN01000062405
100 1# - ASIENTO PRINCIPAL--NOMBRE PERSONAL
Nombre de persona Liberman, Kenneth
222 ## - TÍTULO CLAVE
Título clave HARVARD EDUCATIONAL REVIEW
245 ## - MENCIÓN DE TÍTULO
Título Aboriginal education : the school at strelley, western Australia
260 ## - PUBLICACIÓN, DISTRIBUCIÓN, ETC.
Lugar de publicación, distribución, etc. Massachusetts, EUA
300 ## - DESCRIPCIÓN FÍSICA
Extensión 139-144
362 0# - FECHAS DE PUBLICACIÓN Y/O DESIGNACIÓN SECUENCIAL
Fecha de publicación y/o designación secuencial 1989 Vol. 59, no. 1, feb.
653 0# - TERMINO DE INDIZACION - NO CONTROLADO
Término no controlado ACULTURIZACION
653 0# - TERMINO DE INDIZACION - NO CONTROLADO
Término no controlado AUSTRALIA
653 0# - TERMINO DE INDIZACION - NO CONTROLADO
Término no controlado DISCRIMINACION RACIAL
653 0# - TERMINO DE INDIZACION - NO CONTROLADO
Término no controlado EDUCACION BILINGÜE
653 0# - TERMINO DE INDIZACION - NO CONTROLADO
Término no controlado GRUPOS ETNICOS
904 ## - ELEMENTOS DE DATOS D LOCAL, LDD (RLIN)
a AC
b 000216
905 ## - TIPO DE MATERIAL
Tipo de material Articulo

No items available.